L'opnió pública (Record no. 113330)

MARC details
000 -LEADER
campo de control de longitud fija 00596nam a2200193 4500
001 - NÚMERO DE CONTROL
campo de control 113330
003 - IDENTIFICADOR DE NÚMERO DE CONTROL
campo de control ES-MaACL
005 - FECHA Y HORA DE LA ÚLTIMA TRANSACCIÓN
campo de control 20260129173917.0
007 - CAMPO FIJO DE DESCRIPCIÓN FÍSICA--INFORMACIÓN GENERAL
campo de control de longitud fija t|
008 - DATOS DE LONGITUD FIJA--INFORMACIÓN GENERAL
campo de control de longitud fija 061121s1968 sp r ||||1| val d
100 1# - ENTRADA PRINCIPAL--NOMBRE DE PERSONA
Nombre de persona Ninyoles, Rafael L.
9 (RLIN) 85754
245 12 - MENCIÓN DEL TÍTULO
Título L'opnió pública
Resto del título : teories i ideologies /
Mención de responsabilidad, etc. Rafael L. Ninyoles.
260 ## - PUBLICACIÓN, DISTRIBUCIÓN, ETC.
Lugar de publicación, distribución, etc. Barcelona :
Nombre del editor, distribuidor, etc. Rafael Dalmau,
Fecha de publicación, distribución, etc. 1968.
300 ## - DESCRIPCIÓN FÍSICA
Extensión 80 p. ;
Dimensiones 19 cm.
490 1# - MENCIÓN DE SERIE
Mención de serie Panorama actual de les idees ;
Designación de volumen o secuencia 56/57
830 0# - PUNTO DE ACCESO ADICIONAL DE SERIE-TÍTULO UNIFORME
Título uniforme Panorama actual de les idees
Designación de volumen o secuencia 56/57
9 (RLIN) 180987
852 ## - LOCALIZACIÓN
Ubicación ES-MaACL
Número de control de estantería C-51221
Sublocalización o colección R.68471
Holdings
Estatus retirado Estado de pérdida Estado de daño No para préstamo Biblioteca de origen Biblioteca actual Ubicación en estantería Fecha de adquisición Fuente de adquisición Total de préstamos Signatura topográfica completa Código de barras Visto por última vez Precio de reemplazo Tipo de ítem Koha
        Biblioteca del Ateneo de Madrid Biblioteca del Ateneo de Madrid Depósito 2 17/01/2008     C-51221 1118205 23/02/2023 23/02/2023 Libro impreso